Southeast Asian Location to pictures - Statistics

General Stats
  • This quiz has been taken 53 times
  • The average score is 5 of 16
Answer Stats
Picture Answer % Correct
Kuala Lumpur (Malaysia)
93%
Singapore (Singapore)
72%
Bangkok (Thailand)
70%
Ha Long (Vietnam)
42%
Yangon (Myanmar)
35%
Siem Reap (Cambodia)
33%
Began (Myanmar)
23%
Chocolate hills (Philippines)
21%
Bali (Indonesia)
19%
Vientiane (Laos)
19%
Chiang Mai (Thailand)
16%
Ho Chi Minh City (Vietnam’
16%
Hoi An (Vietnam)
16%
Yogyakarta (Indonesia)
16%
Da Nang (Vietnam)
9%
Koh Samui ( Thailand
2%
No matching quizzes found
Score Distribution
Percent of People with Each Score
Percentile by Number Answered
Your Score History
You have not taken this quiz